00383nam a2200157 a 450000100060000000300090000600800410001504000280005608200170008424500200010126000510012130000100017265000130018265000160019565000140021112408CO-ViMGA141112s2004 ck r 000 u spa d aCO-ViMGAbspacCO-ViMGA04a331.833 C65110aLey de Vivienda aBogotá : bSeperintendencia Bancaria, c1985 a117p.14aCOLOMBIA14aLEGISLACION14aVIVIENDA